Pobrzeże i pojezierze - Statystyki

Ogólne statystyki
  • Ten quiz został rozwiązany 71 razy
  • Średni wynik to 15 z 50
Statystyki odpowiedzi
Obrazkowy Odpowiedź % Poprawnych
Gdańsk
56%
Pojezierze Mazurskie
52%
Szczecin
52%
zachodniopomorskie
52%
Odra
44%
Gdynia
40%
Pobrzeże Gdańskie
40%
Pobrzeże Szczecińskie
40%
podlaskie
40%
Pojezierze Suwalskie
40%
Pojezierze Wielkopolskie
40%
pomorskie
40%
Śniardwy
40%
Wisła
40%
Olsztyn
36%
Pobrzeże Koszalińskie
36%
Pojezierze Pomorskie
36%
warmińsko-mazurskie
36%
Warta
36%
wielkopolskie
36%
Żuławy Wiślane
36%
Bydgoszcz
32%
kujawsko-pomorskie
32%
lubuskie
32%
Wigry
32%
Gardno
28%
Gorzów Wielkopolski
28%
Łebsko
28%
Mamry
28%
Noteć
28%
Poznań
28%
Zalew Wiślany
28%
Czarna Hańcza
24%
Toruń
24%
Hańcza
20%
Jamno
20%
Równina Augustowska
20%
Dąbie
16%
Równina Tucholska
16%
Zalew Szczeciński
16%
Brda
12%
Druzno
12%
Łeba
12%
Parsęta
12%
Pasłęka
12%
Rega
12%
Słupia
12%
Drwęca
8%
Łyna
8%
Wieprza
8%
Nie znaleziono quizów pasujących do podanych kryteriów
Rozkład punktacji
Procent ludzi z każdym wynikiem
Percentyl według liczby udzielonych odpowiedzi
Twoja historia wyników
Nie rozwiązałeś tego quizu